000 00585nam a2200193Ia 4500
003 GCL
008 140319s9999 xx 000 0 ara d
040 _aGCL /
_cGCL
082 0 4 _a270
_bع ن
100 1 _aعلى بوسلمان
245 1 0 _aنظرية القيادة فى المسيحية /
_cعلى بوسلمان
250 _aالاولى
260 _aالقاهرة :
_bدار العلم ،
_c2002
300 _a121 ص ؛
_c20 سم
650 0 4 _aالمسيح
650 0 4 _aالمسيح - الشخصية
650 0 4 _aالقيادة فى المسيحية
942 _2ddc
_cBK
999 _c5553
_d5553